Statistics for Country Flags by a Single Clue #1

Click here to take the quiz!

General Stats

  • This quiz has been taken 165 times
    (156 since last reset)
  • The average score is 11 of 20

Answer Stats

ClueCountry% Correct
The Star-Spangled BannerUnited States
93%
Maple, maple, maaaaapleliciousCanada
87%
The only country that has a non-rectangular flagNepal
77%
Like United States but in AfricaLiberia
74%
"French flag is so nice." "Hey, this is green, are you blind?"Italy
72%
According to legend, symbol of the Red Cross is just
reversed flag of this country
Switzerland
71%
St George's Cross and St Andrew's Cross joined togetherUnited Kingdom
66%
There is no god but God: Muhammad is the Messenger of GodSaudi Arabia
63%
Solomon procured this tree to build the Temple in JerusalemLebanon
63%
This is the weapon of NeptuneBarbados
58%
Swords are so Middle Ages, we like AK-47Mozambique
57%
Ordem e ProgressoBrazil
57%
He was king, he wrote psalms and he got a starIsrael
54%
The largest religious monument in the worldCambodia
49%
When you look at this flag, you can see seven other country flagsNorway
43%
You should use this wheel to fabricating your own clothingIndia
42%
We have crescent and stars, but the most of us are BuddhistsSingapore
37%
Do you like to play a game of chess?Croatia
33%
Pillars of HerculesSpain
32%
You can keep your stars. We are the only true
republic and we will keep our white sun
Taiwan
20%

Score Distribution

Percentile by Number Answered

Percent of People with Each Score

Your Score History

You have not taken this quiz since the last reset